Catálogo

Vista normal Vista MARC

Entrada Personal Name

Número de registros utilizados en: 1

001 - CONTROL NUMBER

  • control field: 15387

003 - CONTROL NUMBER IDENTIFIER

  • control field: DLC

005 - DATE AND TIME OF LATEST TRANSACTION

  • control field: 20240219095804.0

008 - FIXED-LENGTH DATA ELEMENTS

  • fixed length control field: 811215n| acannaabn |n aaa

010 ## - LIBRARY OF CONGRESS CONTROL NUMBER

  • LC control number: n 81143858

035 ## - SYSTEM CONTROL NUMBER

  • System control number: (OCoLC)oca00688643

040 ## - CATALOGING SOURCE

  • Original cataloging agency: DLC
  • Language of cataloging: spa
  • Transcribing agency: Mx-PuUPA
  • Modifying agency: CoU-DA
  • Modifying agency: Mx-PuUPA
  • Description conventions: rda

100 1# - HEADING--PERSONAL NAME

  • Personal name: Weigert, Hans,
  • Dates associated with a name: 1896-1967

374 ## - OCCUPATION

  • Occupation: Autor
  • Occupation: Historiador del arte alemán

375 ## - GENDER

  • Gender: hombre

377 ## - ASSOCIATED LANGUAGE

  • Language code: ger

670 ## - SOURCE DATA FOUND

  • Source citation: Rembrandt, 1966:
  • Information found: t.p. (Hans Weigert)